000 01689nam a2200337 i 4500
999 _c65480
_d65480
001 768714001
003 CO-MdFUSB
005 20200317145524.0
007 ta
008 200317b1981 enkbd||| |||| 00| 0 eng d
020 _a9781844742592
040 _aCO-MdFUSB
_bspa
_cCO-MdFUSB
_dCO-MdFUSBC
_erda
041 _aeng
082 _223
_a222.1407
_bW474
100 _aWenham, Gordon J.
_eautor
245 _aNumbers
_c/ Gordon J. Wenham,
264 1 _aInglaterra :
_bInterVarsity Press,
_c[1981]
264 4 _c© 1981
300 _a267 páginas
_c; 21 cm
336 _2rdacontent
_atexto
_btxt
337 _2rdamedia
_asin mediación
_bn
338 _2rdacarrier
_avolumen
_bnc
490 _aTyndale Old Testament Commentaries
500 _aColección Dawn Christina Harrell
505 _aPrefacio general. -- Prefacio del autor. -- Abreviaturas principales. -- Introducción. -- Título y contenido. -- Estructura. -- Fuentes. -- Fecha y autoría. -- El texto hebreo de los Números. -- Problemas de interpretación de los Números. -- La teología de los Números - El uso cristiano de los números. -- Análisis. -- Comentario. -- Los grandes números. -- La historia de los sacerdotes y levitas. -- El análisis fuente de Números 13-14. -- El análisis fuente de los capítulos 16-17. -- Sacrificio del Antiguo Testamento. -- La ruta de los israelitas. -- Mapas. La ruta de los israelitas de Goshen a Cades (Núm. 33). -- La conquista de Transjordania (Núm. 33). -- Las fronteras de Canaán y la misión de los espías (Núm. 34: 1-12).
563 _aRústico
630 0 7 _aBiblia.
_pAntiguo Testamento
942 _cREF
945 _aJTF-925